Three Letters and a Blank Quiz Stats

 Plays Quiz Updated Feb 18, 2015

Challenge
Share
Tweet
Embed
Score 0/57 Timer 05:00
2 Plays Today
% Correct
tear
85.8%
bear
85.4%
care
82.5%
pear
82.2%
sear
80.2%
fear
80.1%
bare
80%
rear
79.7%
dare
78.7%
dear
78.3%
rare
78.2%
wear
78%
hear
77.9%
mare
77.5%
near
76.8%
fare
76.7%
pare
75.5%
tare
75.2%
gear
74.7%
hare
74.4%
lear
73.5%
ware
73%
year
66%
rate
61.9%
area
59.7%
read
58.6%
real
58%
rape
55.9%
ream
55.2%
% Correct
reap
52.8%
race
51%
ears
49.6%
rale
49.3%
rage
48.4%
rase
48%
rake
46.7%
rave
45.9%
raze
38.4%
yare
34.7%
acre
34%
ares
33.9%
eras
31.9%
earn
27.8%
brae
24.9%
ager
24.7%
aper
23.2%
aero
22.6%
earl
22%
arse
18.2%
aver
17.8%
sera
16.4%
frae
14%
vera
12.9%
urea
10.1%
rhea
8.9%
aery
6.1%
eyra
1.1%

You're not logged in!

Compare scores with friends on all Sporcle quizzes.
OR
Log In

You Might Also Like...

Show Comments

Extras

Top Quizzes Today


Score Distribution

Your Account Isn't Verified!

In order to create a playlist on Sporcle, you need to verify the email address you used during registration. Go to your Sporcle Settings to finish the process.

Report this User

Report this user for behavior that violates our Community Guidelines.

Details: